Score 0/30 Timer 10:00
1 Play Today
Meaning Name % Correct
Place: Black LandMordor
95.4%
Place: Land of HorsesRohan
76.3%
Thing: Ring-wraithNazgûl
64.8%
Place: Tower of GuardMinas Tirith
60.2%
Person: Radiantly-Garlanded-MaidenGaladriel
57.9%
Person: Noble WomanArwen
57.3%
Place: Burning MountainOrodruin
52.1%
Person: The Abhorred Sauron
51.7%
Place: Land of Stone (Lit. Stone Land)Gondor
50%
Person: Grey WandererMithrandir
48.2%
Person: One-Who-Delights-in-HorsesÉowyn
48%
Person: Chief-of-People/NationThéoden
46.5%
Thing: Journey-breadLembas
45.5%
Place: Iron CitadelIsengard
43.5%
Place: Tower of Sorcery Minas Morgul
42.7%
Meaning Name % Correct
Person: Treebeard (Lit. Beard-of-Tree)Fangorn
40%
Person: Star-DomeElrond
39.5%
Thing: Flame of the WestAndúril
38.2%
Thing: That-Which-Looks-Far-AwayPalantír
35.2%
Place: Dream-FlowerLothlórien
34.8%
Place: Mount Fang (Lit. Forked Height)Orthanc
32.3%
Place: Mansion of the DwarvesKhazad-dum
32.1%
Thing: KingsfoilAthelas
31.3%
Person: Tall-SilverCeleborn
28.9%
Person: MaskGríma
28.6%
Thing: Hammer-of-FoesGlamdring
25.6%
Thing: Red-and-White-FlameNarsil
21%
Thing: Grey Brilliance Mithril
16.3%
Thing: Tree-of-GoldMallorn
11.7%
Thing: Ever-mindSimbelmyne
6.5%

You're not logged in!

Compare scores with friends on all Sporcle quizzes.
OR
Log In

Sporcle TV

Today on Sporcle TV


Watch our educational content, quiz creation guides, and fun videos on Sporcle TV.

Show Comments

Extras

Top Quizzes Today


Score Distribution

Paid Content

Your Account Isn't Verified!

In order to create a playlist on Sporcle, you need to verify the email address you used during registration. Go to your Sporcle Settings to finish the process.

Report this User

Report this user for behavior that violates our Community Guidelines.

Details: